New York Yankees World Series Championships - Statistics

General Stats
  • This quiz has been taken 1,563 times
  • The average score is 25 of 27
Answer Stats
Answer % Correct
#27 2009
98%
#24 1998
97%
#25 1999
97%
#26 2000
97%
#23 1996
96%
#2 1927
94%
#21 1977
94%
#22 1978
94%
#1 1923
93%
#13 1950
93%
#14 1951
93%
#15 1952
93%
#16 1953
93%
#17 1956
93%
#19 1961
93%
#20 1962
93%
#4 1932
92%
#5 1936
92%
#9 1941
92%
#12 1949
92%
#18 1958
92%
#3 1928
91%
#6 1937
91%
#7 1938
91%
#8 1939
91%
#10 1943
91%
#11 1947
91%
No matching quizzes found
Score Distribution
Percent of People with Each Score
Percentile by Number Answered
Your Score History
You have not taken this quiz